00664 2200241 4500001002100000005001700021008004100038035002400079082001000103090001000113100002400123245007200147250001100219260003100230300002900261500003100290650003800321850001500359980001300374985000600387986001300393999001600406YOGYA-0209000000338220090227020624.0 ind  0010-020900000003382 a632.9 a632.9 aSUTEJO, Mul Mulyani aHama tanaman keras dan alat pemberantasannyacMul. Mulyani Soetedjo aCet. 1 aJakartabBima Aksarac1989 axi, 217 hlmbilusc20 cm aBibliografi : hlm. 215-217 aTanaman keras - Penyakit dan hama aYOPDYOG(B) a13-02-06 a1 afwhrtrev aP0000031010